Ecuador: un modelo para des armar: descentralización, disparidades regionales y modo de desarrollo /

Збережено в:
Бібліографічні деталі
Автор: Barrera G, Augusto
Інші автори: coord, Gallegos, Franklin R., Rodríguez J, Lourdes
Формат: Невідомо
Опубліковано: Quito: Centro de Investigaciones CIUDAD
Теги: Додати тег
Немає тегів, Будьте першим, хто поставить тег для цього запису!

MARC

LEADER 00000 a2200000 04500
001 18371
003
008 991231s d
040
090 |a 142902  
100 |a Barrera G, Augusto  
245 |a Ecuador: un modelo para des armar: descentralización, disparidades regionales y modo de desarrollo /  |c Augusto Barrera G.  
260 |a Quito:   |b Centro de Investigaciones CIUDAD  
300 |a 295 p.  
700 |a coord  
700 |a Gallegos, Franklin R.  
700 |a Rodríguez J, Lourdes  
999 |c 14489  |d 14489